000 00971nam a22002657a 4500
001 BR0405733
003 BR-BrBNA
005 20230928101754.0
007 ta
008 230509b bl.||||| |||| 00| 0 por d
040 _aBR-BrBNA
_bpor
_cBiblioteca Nacional de Agricultura
041 _a(Por)
072 _aE40; E14
090 _ E40 BR0405733
110 1 _aOrganização das Cooperativas Brasileiras, Brasília, DF (Brasil)
110 1 _aServiço Nacional de Aprendizagem do Cooperativismo, Brasília, DF (Brasil)
_99445
111 1 _a2. Seminário Tendências do Cooperativismo Contemporâneo
_cRecife, PE (Brazil)
_d15-18 Dec 2003
245 1 _a2. Seminário Tendências do Cooperativismo Contemporâneo; o cooperativismo que une é o mesmo que abre fronteiras
260 3 _aBrasília, DF (Brasil):
_c2003.
300 _a1 CD-ROM
650 _aCOOPERATIVISMO
650 _aDESENVOLVIMENTO ECONÔMICO
909 _a202309
_bLucia
_c55
_dLucia Elande
942 _cBK
999 _c67502
_d67502